Word Ladder: Medical Advice From Quiet Riot Quiz Stats

Quiz Updated Jun 12, 2015

Challenge
Share
Tweet
Embed
Score 0/18 Timer 02:00
6 Plays Today
HINT 4- LETTER WORD % Correct
Yellow part of an eggYOLK
97.4%
❢ GO ____ OWN WAY ❢❢ YOUR ❢
96.3%
A tined utensilFORK
96.1%
US President GeraldFORD
95.4%
Gringott's or Well's Fargo, e. g.BANK
95.1%
❢ IT'S FOUND ABOVE THE NECK ❢❢ HEAD ❢
95%
Kin or peopleFOLK
94.8%
Dispense a beveragePOUR
94.6%
❢ FIRECRACKER SOUND ❢❢ BANG ❢
94.2%
HINT 4- LETTER WORD % Correct
Give to someone temporarilyLEND
93.2%
Literary workBOOK
93%
A heavy metalLEAD
92.6%
DestitutePOOR
90.5%
Bump your melonBONK
89.5%
Repel or ward offFEND
88.7%
Loving or affectionateFOND
88.2%
Former Sox first baseman Kevin, for shortYOUK
86.3%
Uncouth loutBOOR
85.8%

Today's Daily Dose

You're not logged in!

Compare scores with friends on all Sporcle quizzes.
Sign Up with Email
OR
Log In

You Might Also Like...

Show Comments

Extras

Top Quizzes Today


Score Distribution

Your Account Isn't Verified!

In order to create a playlist on Sporcle, you need to verify the email address you used during registration. Go to your Sporcle Settings to finish the process.